Name an Incorporated City in Alaska A-Z - Statistics

General Stats
  • This quiz has been taken 34 times
  • The average score is 10 of 22
Answer Stats
Letter City % Correct
J Juneau
100%
A Adak | Akhiok | Akiak | +13
96%
F Fairbanks | False Pass | Fort Yukon
89%
K Kachemak | Kake | Kaktovik | +16
86%
N Napakiak | Napaskiak | Nenana | +12
82%
U Unalakleet | Unalaska | Upper Kalskag | Utqiaġvik
82%
S Saint Paul | Sand Point | Savoonga | +15
71%
W Wainwright | Wales | Wasilla | +4
71%
B Bethel | Bettles | Brevig Mission | Buckland
54%
H Holy Cross | Homer | Hoonah | +5
50%
D Deering | Delta Junction | Dillingham | Diomede
46%
V Valdez
43%
P Palmer | Pelican | Pilot Point | +6
36%
C Chefornak | Chevak | Chignik | +6
32%
E Eagle | Edna Bay | Eek | Egegik | Ekwok | Elim | Emmonak
32%
G Galena | Gambell | Golovin | Goodnews Bay | Grayling | Gustavus
25%
L Larsen Bay | Lower Kalskag
7%
M Manokotak | Marshall | McGrath | Mekoryuk | Mountain Village
7%
R Ruby | Russian Mission
7%
T Tanana | Teller | Tenakee Springs | Thorne Bay | Togiak | Toksook Bay
7%
O Old Harbor | Ouzinkie
4%
Q Quinhagak
4%
No matching quizzes found
Score Distribution
Percent of People with Each Score
Percentile by Number Answered
Your Score History
You have not taken this quiz